[Event "2BLO 2324 SV Deggendorf - SK München SÃ"]
[Site "?"]
[Date "2024.02.04"]
[Round "6.8"]
[White "Miljkovic, Miroslav D"]
[Black "Vogel, Robert"]
[Result "1-0"]
[WhiteElo "2434"]
[BlackElo "2108"]
[PlyCount "63"]
[EventDate "2024.??.??"]

1. d4 Nf6 2. c4 g6 3. Nc3 Bg7 4. e4 d6 5. h3 O-O 6. Nf3 Nbd7 7. Be3 e5 8. d5 Nc5 9. Nd2 a5 10. a3 Bd7 11. b4 axb4 12. axb4 Na6 13. Rb1 Ne8 14. Bd3 f5 15. Nf3 Nf6 16. Qc2 Nh5 17. Ne2 Nf6 18. Nc3 Nh5 19. Bd2 Nf4 20. Bxf4 exf4 21. O-O Qf6 22. Ne2 fxe4 23. Bxe4 Rfe8 24. Ned4 Re7 25. c5 dxc5 26. bxc5 Ba4 27. Qxa4 Rxe4 28. Rfd1 Rd8 29. Qc4 Qf7 30. Ng5 Rxd4 31. Rxd4 Qf5 32. d6+ 1-0

[Event "2BLO 2324 SC Bavaria Regensburg 1881 - F"]
[Site "?"]
[Date "2024.02.04"]
[Round "6.1"]
[White "Girel, Joseph"]
[Black "Stocek, Jiri"]
[Result "1/2-1/2"]
[WhiteElo "2484"]
[BlackElo "2548"]
[PlyCount "85"]
[EventDate "2024.??.??"]

1. d4 Nf6 2. c4 e6 3. Nf3 Bb4+ 4. Nbd2 b6 5. a3 Bxd2+ 6. Qxd2 a5 7. b3 Ba6 8. e3 d5 9. Qc2 O-O 10. Bb2 Nbd7 11. Bd3 c5 12. a4 Rc8 13. O-O h6 14. Rfc1 Re8 15. Qe2 Rc7 16. cxd5 Bxd3 17. Qxd3 Nxd5 18. e4 Nb4 19. Qb5 Qa8 20. dxc5 Nxc5 21. Bd4 Rec8 22. Bxc5 Rxc5 23. Rxc5 bxc5 24. Qc4 Qb8 25. g3 Qd6 26. Rc1 Rd8 27. Qxc5 Qa6 28. Qe7 Rf8 29. Rc4 Nd3 30. Rd4 Nc1 31. Rd8 Rxd8 32. Qxd8+ Kh7 33. Qc7 Nxb3 34. Qxf7 Qd3 35. Qg6+ Kxg6 36. Ne5+ Kf6 37. Nxd3 Nd2 38. Nc5 Ke5 39. f4+ Kd6 40. Nb7+ Kc7 41. Nc5 Kd6 42. Nb7+ Kc7 43. Nc5 1/2-1/2

[Event "2BLO 2324 SC Bavaria Regensburg 1881 - F"]
[Site "?"]
[Date "2024.02.04"]
[Round "6.2"]
[White "Kaczur, Florian"]
[Black "Domalchuk-Jonasson, Aleksandr"]
[Result "1/2-1/2"]
[WhiteElo "2506"]
[BlackElo "2362"]
[PlyCount "75"]
[EventDate "2024.??.??"]

1. e4 e6 2. d4 d5 3. e5 c5 4. c3 Nc6 5. Nf3 Bd7 6. Be2 Nge7 7. Na3 cxd4 8. cxd4 Nf5 9. Nc2 Rc8 10. O-O Qb6 11. Kh1 a5 12. Rb1 Be7 13. g4 Nh4 14. Nxh4 Bxh4 15. g5 Ne7 16. Ne1 h6 17. gxh6 gxh6 18. Ng2 Nf5 19. Nxh4 Nxh4 20. Rg1 Bb5 21. Bh5 Nf5 22. Be3 Qa6 23. Qd2 Bd3 24. Rbc1 Kd7 25. f3 Be2 26. Rce1 Bd3 27. Rc1 Be2 28. Kg2 Rhg8+ 29. Kf2 Rxg1 30. Rxg1 Qd3 31. Qxd3 Bxd3 32. Rc1 Rxc1 33. Bxc1 Ng7 34. Bg4 h5 35. Bh3 Nf5 36. Bd2 b6 37. Bc3 Kc6 38. Ke1 1/2-1/2

[Event "2BLO 2324 SC Bavaria Regensburg 1881 - F"]
[Site "?"]
[Date "2024.02.04"]
[Round "6.3"]
[White "Soderstrom, Adrian"]
[Black "Pezelj, Novak"]
[Result "1/2-1/2"]
[WhiteElo "2307"]
[BlackElo "2482"]
[PlyCount "26"]
[EventDate "2024.??.??"]

1. d4 Nf6 2. c4 e6 3. Nf3 b6 4. g3 Bb4+ 5. Bd2 Be7 6. Bg2 Bb7 7. O-O O-O 8. Nc3 d5 9. cxd5 exd5 10. Rc1 Nbd7 11. Bf4 c6 12. Qd3 Re8 13. Rfd1 Bf8 1/2-1/2

[Event "2BLO 2324 SC Bavaria Regensburg 1881 - F"]
[Site "?"]
[Date "2024.02.04"]
[Round "6.4"]
[White "Schneider, Jana"]
[Black "Fedorovsky, Michael"]
[Result "0-1"]
[WhiteElo "2320"]
[BlackElo "2410"]
[PlyCount "136"]
[EventDate "2024.??.??"]

1. e4 c5 2. Nf3 d6 3. d4 cxd4 4. Nxd4 Nf6 5. Nc3 g6 6. Be3 Bg7 7. f3 O-O 8. Bc4 Nc6 9. Qd2 Bd7 10. O-O-O Rc8 11. Bb3 Nxd4 12. Bxd4 b5 13. Nd5 Nxd5 14. Bxd5 Bxd4 15. Qxd4 a5 16. a3 Qc7 17. Rd2 b4 18. axb4 e5 19. Qc3 Qb8 20. Qe3 axb4 21. Kd1 Qb5 22. h4 Qa4 23. Rf2 Be6 24. Bxe6 fxe6 25. h5 Rc4 26. b3 Qa1+ 27. Qc1 Qxc1+ 28. Kxc1 Rxe4 29. hxg6 hxg6 30. Rd2 Rd4 31. Rxd4 exd4 32. Kd2 Ra8 33. Kd3 e5 34. Rc1 Rc8 35. Ra1 Rc3+ 36. Kd2 Kf7 37. Ra7+ Ke6 38. Rg7 Kf5 39. Rf7+ Ke6 40. Rg7 Kf5 41. Rf7+ Kg5 42. Rd7 Rc6 43. Rg7 Ra6 44. g3 Rc6 45. Rd7 Kf5 46. Rf7+ Ke6 47. Rg7 Kf6 48. Rd7 g5 49. g4 Ke6 50. Rh7 Rc3 51. Rh6+ Kd5 52. Rf6 Kc5 53. Rf8 d3 54. cxd3 Kd4 55. Rb8 Rxb3 56. Kc2 Rc3+ 57. Kb2 Rxd3 58. Rxb4+ Kc5 59. Rb8 Rxf3 60. Rg8 Kd4 61. Rxg5 Rg3 62. Rg8 e4 63. g5 Rg2+ 64. Kc1 Kd3 65. g6 d5 66. Rd8 d4 67. Rd6 e3 68. Ra6 Rg1+ 0-1

[Event "2BLO 2324 SC Bavaria Regensburg 1881 - F"]
[Site "?"]
[Date "2024.02.04"]
[Round "6.5"]
[White "Ankerst, Mihael"]
[Black "Goldbeck, Lars"]
[Result "0-1"]
[WhiteElo "2377"]
[BlackElo "2301"]
[PlyCount "92"]
[EventDate "2024.??.??"]

1. e4 c6 2. d4 d5 3. e5 Bf5 4. Nf3 e6 5. Be2 Nd7 6. O-O a5 7. a4 f6 8. c4 fxe5 9. cxd5 exd5 10. dxe5 Bc5 11. Nd4 Bxd4 12. Qxd4 Ne7 13. f4 h5 14. Nd2 Nf8 15. Nf3 Ne6 16. Qf2 Ng6 17. g3 Be4 18. Be3 Qd7 19. Nd2 Bf5 20. Nb3 Qe7 21. Bd2 Qc7 22. Rac1 Ne7 23. Be3 Nc8 24. Qe1 Nb6 25. Nxa5 Nxa4 26. b4 g6 27. Qd1 Nb6 28. Kg2 Nc8 29. Bf3 Qd7 30. Rh1 Bh3+ 31. Kf2 Ne7 32. Qd3 Bf5 33. Qe2 O-O 34. h3 Be4 35. Bxe4 dxe4 36. Kg2 b6 37. Nc4 Nd5 38. h4 b5 39. Nd6 Ra3 40. Bd2 e3 41. Kh2 Nd4 42. Qf1 exd2 43. Ra1 Ne3 44. Rxa3 Nxf1+ 45. Rxf1 Qg4 46. Raa1 Qe2+ 0-1

[Event "2BLO 2324 SC Bavaria Regensburg 1881 - F"]
[Site "?"]
[Date "2024.02.04"]
[Round "6.6"]
[White "Kleibel, Uwe"]
[Black "Schenk, Andreas"]
[Result "0-1"]
[WhiteElo "2302"]
[BlackElo "2408"]
[PlyCount "74"]
[EventDate "2024.??.??"]

1. d4 Nf6 2. Nf3 e6 3. Bf4 c5 4. e3 d5 5. Nbd2 Bd6 6. Bb5+ Nc6 7. dxc5 Bxc5 8. O-O O-O 9. c4 Bd7 10. cxd5 Nxd5 11. Ne4 Be7 12. Bg3 Qb6 13. a4 Rfd8 14. Qe2 a6 15. Bd3 Be8 16. h4 h6 17. Bh2 Nf6 18. Nc3 Rac8 19. Bb1 Qa5 20. e4 Ng4 21. Bg3 Bd6 22. Bxd6 Rxd6 23. Re1 Nge5 24. Nxe5 Qxe5 25. Qe3 Rcd8 26. f4 Qd4 27. e5 Qxe3+ 28. Rxe3 Rd2 29. b3 Rb2 30. Ra3 Rxb1+ 31. Nxb1 Rd1+ 32. Kf2 Rxb1 33. Rd3 Rb2+ 34. Kf3 h5 35. Ra1 Kh7 36. Rc1 Nb4 37. Rd8 Bc6+ 0-1

[Event "2BLO 2324 SC Bavaria Regensburg 1881 - F"]
[Site "?"]
[Date "2024.02.04"]
[Round "6.7"]
[White "Belezky, Alexander"]
[Black "Lerch, Johannes"]
[Result "1/2-1/2"]
[WhiteElo "2283"]
[BlackElo "2264"]
[PlyCount "54"]
[EventDate "2024.??.??"]

1. Nf3 d5 2. c4 e6 3. g3 Nf6 4. Bg2 dxc4 5. Qa4+ Bd7 6. Qxc4 c5 7. Ne5 Qc8 8. Nxd7 Qxd7 9. d3 Nc6 10. Nd2 Rc8 11. Nf3 Be7 12. O-O O-O 13. Bd2 Rfd8 14. Rfc1 b6 15. Rab1 Nd5 16. a3 Bf6 17. Qa4 a5 18. Qb5 Rb8 19. Qa4 Rbc8 20. Qb5 Rb8 21. Qa4 Re8 22. Qd1 Qa7 23. a4 Qd7 24. Bc3 Nd4 25. Nxd4 Nxc3 26. bxc3 cxd4 27. cxd4 Bxd4 1/2-1/2

[Event "2BLO 2324 SK Göggingen - SC Garching"]
[Site "?"]
[Date "2024.02.04"]
[Round "6.1"]
[White "Vykouk, Jan"]
[Black "Braeuer, Franz"]
[Result "1-0"]
[WhiteElo "2497"]
[BlackElo "2424"]
[PlyCount "95"]
[EventDate "2024.??.??"]

1. e4 e5 2. Nf3 Nc6 3. Bc4 Bc5 4. d3 Nf6 5. O-O a6 6. a4 d6 7. c3 Ba7 8. Re1 O-O 9. h3 h6 10. Nbd2 Re8 11. Nf1 Be6 12. Bb3 Qc8 13. Bc2 Ne7 14. Ng3 Ng6 15. d4 b5 16. Be3 Qb7 17. Qd2 Kh7 18. Nf5 Ng8 19. h4 f6 20. Ng3 c5 21. d5 Bd7 22. h5 Nh8 23. axb5 axb5 24. b3 Nf7 25. Nh4 Bb6 26. Bd3 Ne7 27. Qe2 b4 28. Ba6 Qb8 29. c4 Qc7 30. Ra2 Ra7 31. Rea1 Rea8 32. Bb5 Rxa2 33. Rxa2 Rxa2 34. Qxa2 Bc8 35. Be8 Kg8 36. Ng6 Nh8 37. f4 Nhxg6 38. hxg6 Qa7 39. Qf2 Kf8 40. Bf7 Qa1+ 41. Kh2 f5 42. fxe5 Qxe5 43. Bf4 Qf6 44. Nh5 Qd4 45. Qxd4 cxd4 46. e5 Ng8 47. exd6 Bc5 48. Be6 1-0

[Event "2BLO 2324 SK Göggingen - SC Garching"]
[Site "?"]
[Date "2024.02.04"]
[Round "6.2"]
[White "Prusikin, Michael"]
[Black "Loetscher, Roland"]
[Result "1-0"]
[WhiteElo "2502"]
[BlackElo "2389"]
[PlyCount "55"]
[EventDate "2024.??.??"]

1. e4 c6 2. d4 d5 3. exd5 cxd5 4. Bd3 Nc6 5. c3 Nf6 6. Nf3 Bg4 7. h3 Bxf3 8. Qxf3 e6 9. O-O Be7 10. Qe2 O-O 11. Nd2 Qc7 12. Nf3 a6 13. Bd2 Rfd8 14. Rfe1 Rab8 15. g3 b5 16. b4 Ne8 17. a4 Na7 18. Ne5 Nd6 19. axb5 Naxb5 20. Rxa6 Nxc3 21. Bxc3 Qxc3 22. Nc6 Kf8 23. b5 Nxb5 24. Bxb5 Rxb5 25. Nxd8 Bxd8 26. Ra8 Ke7 27. Ra7+ Kf8 28. Rxf7+ 1-0

[Event "2BLO 2324 SK Göggingen - SC Garching"]
[Site "?"]
[Date "2024.02.04"]
[Round "6.3"]
[White "Hess, Max"]
[Black "Wegener, Olaf"]
[Result "1-0"]
[WhiteElo "2390"]
[BlackElo "2396"]
[PlyCount "73"]
[EventDate "2024.??.??"]

1. Nf3 Nf6 2. c4 c5 3. g3 Nc6 4. Bg2 d5 5. cxd5 Nxd5 6. d4 cxd4 7. Nxd4 Ndb4 8. Nxc6 Qxd1+ 9. Kxd1 Nxc6 10. Bxc6+ bxc6 11. Nc3 a5 12. Na4 Ba6 13. Be3 Bb5 14. Nc3 a4 15. Nxb5 cxb5 16. Rc1 Rd8+ 17. Kc2 e6 18. Kb1 Bb4 19. a3 Bd2 20. Bxd2 Rxd2 21. Rc8+ Rd8 22. Rc5 Ke7 23. Rhc1 Rd2 24. R1c2 Rd1+ 25. Rc1 Rd2 26. Rxb5 Rxe2 27. Rc2 Re4 28. Rb7+ Kf6 29. Rb4 Rxb4 30. axb4 Rb8 31. Rc4 Ke5 32. Ka2 Kd5 33. Rc7 Rxb4 34. Rxf7 g5 35. Rxh7 Ke5 36. h4 gxh4 37. Rxh4 1-0

[Event "2BLO 2324 SK Göggingen - SC Garching"]
[Site "?"]
[Date "2024.02.04"]
[Round "6.4"]
[White "Rozentalis, Eduardas"]
[Black "Schlichtmann, Robin"]
[Result "1-0"]
[WhiteElo "2453"]
[BlackElo "2279"]
[PlyCount "75"]
[EventDate "2024.??.??"]

1. e4 e5 2. Nf3 Nc6 3. Bb5 Nf6 4. d3 Bc5 5. O-O Nd4 6. Nxd4 Bxd4 7. c3 Bb6 8. Na3 c6 9. Ba4 d6 10. Nc4 Bc7 11. Ne3 O-O 12. Qf3 g6 13. h3 Kg7 14. Re1 h5 15. Bd2 Nh7 16. Rad1 Ng5 17. Qg3 h4 18. Qh2 Bxh3 19. f4 exf4 20. Qxf4 d5 21. e5 f6 22. exf6+ Rxf6 23. Qxg5 Qd6 24. g3 Raf8 25. Ng2 Bxg2 26. Kxg2 Rf2+ 27. Kg1 hxg3 28. Qe7+ R8f7 29. Qxd6 Bxd6 30. Rf1 R2f5 31. Be3 Re7 32. Rde1 c5 33. Bd1 Rfe5 34. Bd2 d4 35. cxd4 cxd4 36. Rxe5 Bxe5 37. Bg5 Re8 38. Bb3 1-0

[Event "2BLO 2324 SK Göggingen - SC Garching"]
[Site "?"]
[Date "2024.02.04"]
[Round "6.5"]
[White "Renner, Christoph"]
[Black "Pitl, Gregory"]
[Result "1/2-1/2"]
[WhiteElo "2294"]
[BlackElo "2369"]
[PlyCount "49"]
[EventDate "2024.??.??"]

1. c4 e5 2. Nc3 Nc6 3. g3 Bc5 4. Bg2 a6 5. e3 d6 6. Nge2 Ba7 7. O-O h5 8. Nd5 h4 9. b4 hxg3 10. fxg3 Nce7 11. Bb2 c6 12. Nxe7 Qxe7 13. b5 axb5 14. cxb5 d5 15. bxc6 bxc6 16. Qc2 Bd7 17. Qc3 Bb8 18. Nc1 Bd6 19. Nd3 Rh5 20. a4 Nf6 21. Ba3 e4 22. Bxd6 Qxd6 23. Nc5 Ke7 24. Rab1 Bc8 25. a5 1/2-1/2

[Event "2BLO 2324 SK Göggingen - SC Garching"]
[Site "?"]
[Date "2024.02.04"]
[Round "6.6"]
[White "Rupprecht, Andreas"]
[Black "Rusche, Johannes"]
[Result "1/2-1/2"]
[WhiteElo "2377"]
[BlackElo "2302"]
[PlyCount "35"]
[EventDate "2024.??.??"]

1. Nf3 Nf6 2. g3 d5 3. Bg2 e6 4. O-O Be7 5. c4 O-O 6. b3 d4 7. e3 c5 8. Ne5 Qc7 9. f4 Rd8 10. Qf3 Bd6 11. exd4 cxd4 12. Nd3 Nc6 13. Na3 Bf8 14. Re1 Nd7 15. Bb2 Nc5 16. Nc2 Nxd3 17. Qxd3 Bc5 18. Be4 1/2-1/2

[Event "2BLO 2324 SK Göggingen - SC Garching"]
[Site "?"]
[Date "2024.02.04"]
[Round "6.7"]
[White "Werner, Denis"]
[Black "Schmittdiel, Eckhard"]
[Result "1-0"]
[WhiteElo "2241"]
[BlackElo "2390"]
[PlyCount "63"]
[EventDate "2024.??.??"]

1. e4 c5 2. c3 d5 3. exd5 Qxd5 4. d4 Nf6 5. Nf3 cxd4 6. cxd4 g6 7. Nc3 Qd8 8. Bc4 Bg7 9. O-O O-O 10. Be3 Nbd7 11. d5 Ne8 12. Bd4 Ndf6 13. Re1 Nd6 14. Bb3 Re8 15. Rc1 a6 16. Na4 Nd7 17. Bxg7 Kxg7 18. Qd4+ Kg8 19. h4 b5 20. Nc5 Nxc5 21. Qxc5 Bb7 22. Ne5 Rc8 23. Nc6 Bxc6 24. dxc6 Qc7 25. h5 Red8 26. Qg5 e6 27. Rc3 Nf5 28. hxg6 hxg6 29. Rxe6 fxe6 30. Qxg6+ Kf8 31. Qxe6 Qh7 32. Rf3 1-0

[Event "2BLO 2324 SK Göggingen - SC Garching"]
[Site "?"]
[Date "2024.02.04"]
[Round "6.8"]
[White "Fauth, Dietmar"]
[Black "Koepke, Elena"]
[Result "1/2-1/2"]
[WhiteElo "2037"]
[BlackElo "2241"]
[PlyCount "110"]
[EventDate "2024.??.??"]

1. e4 c5 2. d4 cxd4 3. c3 dxc3 4. Nxc3 Nc6 5. Nf3 e6 6. Bb5 Bb4 7. O-O Nge7 8. e5 O-O 9. Bg5 d5 10. exd6 Qxd6 11. Qxd6 Bxd6 12. Rfd1 Bb4 13. Rac1 f6 14. Be3 Bxc3 15. Rxc3 Nd5 16. Rc5 Nce7 17. Nd4 Kf7 18. Ba4 b6 19. Rcc1 a6 20. Nc6 b5 21. Nxe7 Nxe7 22. Bb3 Re8 23. Rc7 Kg6 24. Bc2+ f5 25. Bd4 Rb8 26. Bb3 Rb7 27. Rdc1 Rxc7 28. Rxc7 Rd8 29. Bxg7 Kxg7 30. Rxe7+ Kg6 31. Kf1 Rd6 32. Rc7 Bd7 33. f4 a5 34. Ke2 Kf6 35. Ke3 a4 36. Bc2 e5 37. fxe5+ Kxe5 38. g3 Kf6 39. a3 h6 40. Rc5 Kg5 41. Bd3 Re6+ 42. Kf3 Rb6 43. h4+ Kg6 44. Kf4 b4 45. g4 bxa3 46. bxa3 Rb3 47. Bxf5+ Bxf5 48. Rc6+ Kg7 49. Kxf5 Rf3+ 50. Ke5 Re3+ 51. Kf4 Rxa3 52. Rc7+ Kg8 53. Ra7 Rh3 54. h5 a3 55. Kf5 Rb3 1/2-1/2

[Event "2BLO 2324 Münchener Schachclub 1836 - N"]
[Site "?"]
[Date "2024.02.04"]
[Round "6.1"]
[White "Fodor, Tamas Jr."]
[Black "Predke, Alexandr"]
[Result "1/2-1/2"]
[WhiteElo "2477"]
[BlackElo "2666"]
[PlyCount "104"]
[EventDate "2024.??.??"]

1. d4 g6 2. Nf3 Nf6 3. c3 Bg7 4. Bf4 O-O 5. e3 b6 6. Be2 Bb7 7. h3 c5 8. O-O d6 9. a4 a6 10. Bh2 Nbd7 11. Nbd2 Rc8 12. Qb3 Qc7 13. Rfd1 Qb8 14. Rac1 Rc7 15. Bc4 Bh6 16. Ne5 Qe8 17. Nxd7 Nxd7 18. Bd5 Qa8 19. Bxb7 Qxb7 20. Ra1 cxd4 21. exd4 Nf6 22. Nf3 Rb8 23. Ne1 Qd5 24. Qxd5 Nxd5 25. Nd3 f6 26. f4 Kf7 27. Kf2 Bf8 28. Kf3 e6 29. Rdc1 Rbc8 30. Bg3 f5 31. Bh4 Bg7 32. Rd1 h6 33. g4 Bf6 34. Bxf6 Kxf6 35. Re1 g5 36. Re2 Nxf4 37. Nxf4 gxf4 38. Kxf4 e5+ 39. dxe5+ dxe5+ 40. Kf3 Rd8 41. gxf5 Rc4 42. a5 b5 43. Rg1 Kxf5 44. Rg7 b4 45. cxb4 Rxb4 46. Rf7+ Ke6 47. Rh7 Rf8+ 48. Kg2 Rg8+ 49. Kf1 Rf8+ 50. Rf2 Rxf2+ 51. Kxf2 Rxb2+ 52. Kf1 Rb1+ 1/2-1/2

[Event "2BLO 2324 Münchener Schachclub 1836 - N"]
[Site "?"]
[Date "2024.02.04"]
[Round "6.2"]
[White "Saric, Ivan"]
[Black "Slobodjan, Roman"]
[Result "1/2-1/2"]
[WhiteElo "2680"]
[BlackElo "2449"]
[PlyCount "60"]
[EventDate "2024.??.??"]

1. e4 e5 2. Nf3 Nc6 3. Bb5 a6 4. Ba4 b5 5. Bb3 Na5 6. O-O d6 7. d4 exd4 8. Qxd4 Bb7 9. c4 Nf6 10. Nc3 Be7 11. cxb5 Nxb3 12. axb3 axb5 13. Rxa8 Bxa8 14. Re1 O-O 15. Nxb5 Qb8 16. Qd3 Nxe4 17. Rxe4 Bxe4 18. Qxe4 Qxb5 19. Qxe7 Qxb3 20. Qe2 Rb8 21. h3 h6 22. Kh2 c5 23. Qd2 Qe6 24. Qc3 Rb3 25. Qc2 Rb5 26. Bd2 d5 27. Bf4 Qe4 28. Qd2 d4 29. Bg3 c4 30. Qc1 Rc5 1/2-1/2

[Event "2BLO 2324 Münchener Schachclub 1836 - N"]
[Site "?"]
[Date "2024.02.04"]
[Round "6.3"]
[White "Rogozenco, Dorian"]
[Black "Costa, Leonardo"]
[Result "1/2-1/2"]
[WhiteElo "2419"]
[BlackElo "2476"]
[PlyCount "55"]
[EventDate "2024.??.??"]

1. d4 Nf6 2. c4 e6 3. Nf3 d5 4. Nc3 dxc4 5. e4 Bb4 6. Bxc4 Nxe4 7. O-O Nf6 8. Qa4+ Nc6 9. Ne5 Rb8 10. Rd1 O-O 11. Nxc6 bxc6 12. Qxa7 Bd7 13. Qa4 c5 14. Qc2 Bc6 15. dxc5 Qe7 16. Bd3 Qxc5 17. Be3 Qh5 18. Ne2 Ba8 19. Ng3 Qh4 20. Qxc7 Nd5 21. Qe5 Be7 22. Rab1 Rb4 23. Bd2 Ra4 24. a3 Rd8 25. Bc2 Rd4 26. Ba5 Rxd1+ 27. Bxd1 Rc8 28. Bd2 1/2-1/2

[Event "2BLO 2324 Münchener Schachclub 1836 - N"]
[Site "?"]
[Date "2024.02.04"]
[Round "6.4"]
[White "Froewis, Georg"]
[Black "Pulpan, Jakub"]
[Result "1-0"]
[WhiteElo "2449"]
[BlackElo "2382"]
[PlyCount "93"]
[EventDate "2024.??.??"]

1. Nf3 d5 2. d4 Nf6 3. c4 e6 4. e3 b6 5. Nc3 Bb7 6. b3 Nbd7 7. Bb2 Bd6 8. Bd3 O-O 9. O-O a6 10. Qe2 c5 11. Rfd1 Qe7 12. cxd5 exd5 13. Bf5 Rfe8 14. Bxd7 Qxd7 15. Na4 Qd8 16. dxc5 bxc5 17. Qd3 Ne4 18. Nc3 Nxc3 19. Qxc3 Bf8 20. Qd3 Qb6 21. Qf5 Qg6 22. Qxg6 hxg6 23. Rac1 Rac8 24. Ba3 c4 25. Bxf8 Kxf8 26. Rc3 cxb3 27. Rxb3 Bc6 28. Rb4 Bb5 29. Nd4 Rc4 30. Rb2 Ba4 31. Rdb1 Rec8 32. h3 Bc2 33. Re1 Bd3 34. f3 Ra4 35. Kf2 Rc3 36. Kg3 Rc8 37. Ra1 Rc3 38. Rb8+ Ke7 39. Rb7+ Kf6 40. h4 Rc8 41. Rd1 Bf5 42. Kf4 Rd8 43. Rc1 Rc4 44. Rxc4 dxc4 45. g4 Rd7 46. Rb6+ Be6 47. Nc6 1-0

[Event "2BLO 2324 Münchener Schachclub 1836 - N"]
[Site "?"]
[Date "2024.02.04"]
[Round "6.5"]
[White "Langrock, Hannes"]
[Black "Radovanovic, Nikola"]
[Result "1/2-1/2"]
[WhiteElo "2367"]
[BlackElo "2429"]
[PlyCount "103"]
[EventDate "2024.??.??"]

1. d4 Nf6 2. Nf3 g6 3. g3 Bg7 4. Bg2 c5 5. dxc5 Qa5+ 6. Nfd2 Qxc5 7. Nc3 Qc7 8. Nb3 d6 9. Bg5 Nbd7 10. a4 h6 11. Be3 Ne5 12. Bd4 Be6 13. Nb5 Qb8 14. Bxe5 dxe5 15. Nc5 Bc8 16. a5 a6 17. Nc3 Qc7 18. b4 O-O 19. O-O Rb8 20. Nd5 Nxd5 21. Qxd5 b6 22. axb6 Rxb6 23. c3 Rd8 24. Qa2 e6 25. Rfd1 Rxd1+ 26. Rxd1 Bf8 27. Qa5 Bd6 28. Na4 Rb8 29. Qxc7 Bxc7 30. Bc6 Kf8 31. e4 Ke7 32. Kf1 Bd6 33. Ke2 h5 34. h3 Bc7 35. Rd3 Bd6 36. Kd2 Bc7 37. Kc2 f5 38. f3 Bb6 39. g4 Kf6 40. Bd7 fxe4 41. fxe4 Bxd7 42. Rxd7 Kg5 43. Rd6 Be3 44. Rxe6 Kf4 45. gxh5 gxh5 46. Rh6 Kxe4 47. Rxh5 a5 48. bxa5 Ra8 49. Nb6 Rxa5 50. Nc4 Rd5 51. Rxe5+ Rxe5 52. Nxe5 1/2-1/2

[Event "2BLO 2324 Münchener Schachclub 1836 - N"]
[Site "?"]
[Date "2024.02.04"]
[Round "6.6"]
[White "Ciolek, Andreas"]
[Black "Spiess, Gunter"]
[Result "1/2-1/2"]
[WhiteElo "2301"]
[BlackElo "2344"]
[PlyCount "77"]
[EventDate "2024.??.??"]

1. d4 d5 2. c4 c6 3. Nf3 Nf6 4. Qc2 g6 5. Bf4 Bf5 6. Qb3 Qb6 7. c5 Qxb3 8. axb3 Bxb1 9. Rxb1 Nbd7 10. b4 Bg7 11. h3 O-O 12. e3 a6 13. Ra1 Rfe8 14. Be2 Nf8 15. O-O N6d7 16. Rfd1 Rac8 17. Bf1 e5 18. Bh2 f5 19. g4 fxg4 20. hxg4 exd4 21. Nxd4 Ne6 22. Bg2 Nxd4 23. exd4 Re2 24. b3 Nf8 25. Bf3 Rb2 26. Rd3 Ne6 27. Re1 Nxd4 28. Re7 Bf6 29. Rxb7 Rd2 30. Bxd5+ cxd5 31. Rxd2 Nf3+ 32. Kg2 Nxd2 33. Rb6 Bd8 34. Rxa6 Nxb3 35. Rd6 Be7 36. Rxd5 Nxc5 37. bxc5 Rxc5 38. Rxc5 Bxc5 39. Be5 1/2-1/2

[Event "2BLO 2324 Münchener Schachclub 1836 - N"]
[Site "?"]
[Date "2024.02.04"]
[Round "6.8"]
[White "Tsakonas, Konstantinos"]
[Black "Eichner, Sebastian"]
[Result "0-1"]
[WhiteElo "1739"]
[BlackElo "2299"]
[PlyCount "102"]
[EventDate "2024.??.??"]

1. e4 e5 2. Nf3 Nc6 3. Bb5 Nge7 4. d3 g6 5. c3 Bg7 6. Nbd2 O-O 7. O-O a6 8. Ba4 d5 9. Re1 h6 10. Nf1 Be6 11. Ng3 Qd6 12. h3 Rad8 13. Nh2 Kh7 14. Rf1 f5 15. exf5 Nxf5 16. Nxf5 Rxf5 17. Bc2 Rf7 18. Bd2 b5 19. Qe2 d4 20. a3 dxc3 21. Bxc3 Nd4 22. Bxd4 exd4 23. b4 Re8 24. Rae1 Rfe7 25. Qd2 Bd5 26. Rxe7 Qxe7 27. Bd1 Qd6 28. f4 Rf8 29. Rf2 c5 30. bxc5 Qxc5 31. Qb2 Qc3 32. Bf3 Bxf3 33. Nxf3 Rxf4 34. Rd2 Rf7 35. Qb4 Bf8 36. Qxc3 dxc3 37. Rc2 Rc7 38. d4 Bxa3 39. d5 Bc5+ 40. Kf1 b4 41. Ne5 a5 42. Nd3 Bd4 43. Ke2 b3 44. Rc1 Re7+ 45. Kf1 Rd7 46. Re1 Rf7+ 47. Ke2 Re7+ 48. Kd1 c2+ 49. Kd2 Rxe1 50. Nxe1 Be3+ 51. Kxe3 c1=Q+ 0-1

[Event "2BLO 2324 SC Erlangen - Erfurter SK"]
[Site "?"]
[Date "2024.02.04"]
[Round "6.1"]
[White "Weishaeutel, Moritz"]
[Black "Mons, Leon"]
[Result "1/2-1/2"]
[WhiteElo "2380"]
[BlackElo "2503"]
[PlyCount "55"]
[EventDate "2024.??.??"]

1. d4 Nf6 2. c4 e6 3. Nf3 d5 4. Nc3 c5 5. cxd5 Nxd5 6. e4 Nxc3 7. bxc3 cxd4 8. cxd4 Bb4+ 9. Bd2 Bxd2+ 10. Qxd2 O-O 11. Bc4 Nd7 12. O-O b6 13. Rad1 Bb7 14. Rfe1 Rc8 15. Bb3 h6 16. h3 Nf6 17. d5 exd5 18. exd5 Re8 19. Rxe8+ Qxe8 20. Re1 Qf8 21. Nh4 Re8 22. Nf5 Bc8 23. Nd4 Bd7 24. Rxe8 Qxe8 25. Qf4 a5 26. Nf3 a4 27. Bc2 Nxd5 28. Qd4 1/2-1/2

[Event "2BLO 2324 SC Erlangen - Erfurter SK"]
[Site "?"]
[Date "2024.02.04"]
[Round "6.2"]
[White "Miller, Eduard"]
[Black "Votava, Jan"]
[Result "1/2-1/2"]
[WhiteElo "2353"]
[BlackElo "2437"]
[PlyCount "155"]
[EventDate "2024.??.??"]

1. d4 Nf6 2. Bf4 g6 3. Nd2 Bg7 4. e4 d6 5. Ngf3 O-O 6. c3 Nbd7 7. h3 e5 8. dxe5 dxe5 9. Be3 b6 10. Qc2 Bb7 11. Bd3 Qe7 12. b4 a5 13. O-O Nh5 14. a3 Nf4 15. Bc4 c6 16. Rfd1 Rfd8 17. Bf1 axb4 18. axb4 c5 19. Rxa8 Bxa8 20. Ra1 cxb4 21. cxb4 Qxb4 22. Ra7 Ne6 23. Bc4 Ndf8 24. Qa2 Bc6 25. Bxe6 fxe6 26. Ng5 Bd7 27. Rb7 b5 28. Qa7 Qa4 29. Qb6 Re8 30. Kh2 Qa8 31. Nb3 Qd8 32. Nc5 Qxb6 33. Rxb6 h6 34. Nf3 g5 35. h4 g4 36. Nd2 Bc8 37. Rxb5 h5 38. Nc4 Bd7 39. Rb6 Bf6 40. Nd6 Re7 41. Kg3 Be8 42. Rb8 Bf7 43. Ra8 Bg7 44. Rc8 Kh7 45. Bg5 Ra7 46. Nxf7 Rxf7 47. Re8 Rc7 48. Nxe6 Nxe6 49. Rxe6 Kg8 50. Re7 Rxe7 51. Bxe7 Kf7 52. Bg5 Bf8 53. f3 gxf3 54. Kxf3 Bb4 55. g4 Kg6 56. gxh5+ Kxh5 57. Ke2 Ba5 58. Kd3 Be1 59. Kc4 Bg3 60. Kd5 Kg6 61. Ke6 Bh2 62. Bf6 Bg3 63. h5+ Kxh5 64. Bxe5 Be1 65. Kf5 Kh6 66. Kf6 Bh4+ 67. Kf7 Kg5 68. Bh2 Be1 69. e5 Kf5 70. e6 Bh4 71. Bd6 Bg5 72. Bb4 Bh4 73. Ba3 Bg5 74. Bf8 Bh4 75. Be7 Bf2 76. Bf6 Bc5 77. e7 Bxe7 78. Bxe7 1/2-1/2

[Event "2BLO 2324 SC Erlangen - Erfurter SK"]
[Site "?"]
[Date "2024.02.04"]
[Round "6.3"]
[White "Enders, Peter"]
[Black "Klek, Hanna Marie"]
[Result "1/2-1/2"]
[WhiteElo "2389"]
[BlackElo "2279"]
[PlyCount "40"]
[EventDate "2024.??.??"]

1. e4 e5 2. Nf3 Nc6 3. Bb5 a6 4. Bxc6 dxc6 5. O-O Qf6 6. d3 h6 7. Nbd2 g5 8. Kh1 c5 9. Ng1 Ne7 10. Nc4 Be6 11. b3 Nc6 12. Bb2 Qg7 13. Ne2 f6 14. Ng3 O-O-O 15. Ne3 Qf7 16. Qh5 Qd7 17. Rad1 Bf7 18. Qg4 Be6 19. Qh5 Bf7 20. Qg4 Be6 1/2-1/2

[Event "2BLO 2324 SC Erlangen - Erfurter SK"]
[Site "?"]
[Date "2024.02.04"]
[Round "6.4"]
[White "Mijovic, Stefan"]
[Black "Voekler, Bernd"]
[Result "1-0"]
[WhiteElo "2386"]
[BlackElo "2322"]
[PlyCount "77"]
[EventDate "2024.??.??"]

1. c4 c5 2. Nc3 g6 3. g3 Bg7 4. Bg2 Nc6 5. Nf3 e5 6. a3 Nge7 7. b4 d5 8. bxc5 dxc4 9. Qa4 O-O 10. Qxc4 Be6 11. Qa4 Nd4 12. Rb1 Bd7 13. Qc4 Bc6 14. e4 Qd7 15. O-O Rac8 16. a4 Nxf3+ 17. Bxf3 Rfd8 18. Rd1 Qe8 19. Nb5 Bxb5 20. axb5 Rd4 21. Qc3 Bh6 22. Ba3 Rcd8 23. d3 Qd7 24. Be2 Qc7 25. Qb3 Nc8 26. Bb2 Qxc5 27. Bxd4 Qxd4 28. Qb2 Qd6 29. Bg4 Ne7 30. Qa2 Qb6 31. Rb3 Nc8 32. Bxc8 Rxc8 33. Qb2 Bf8 34. Qxe5 Rc2 35. d4 a5 36. Qd5 a4 37. Rf3 Qc7 38. e5 Qe7 39. Rdd3 1-0